[Event "Pila"]
[Site "Pila"]
[Date "1992.??.??"]
[Round "7"]
[White "Nesterov, Jakov"]
[Black "Certek, Pavel"]
[Result "1-0"]
[WhiteElo "2405"]
[BlackElo "2325"]

1.e4 c5 2.Nf3 Nc6 3.Bb5 g6 4.Bxc6 dxc6 5.h3 Bg7 6.d3 Nf6 7.Nc3 O-O 8.Be3 b6
9.Qd2 Ne8 10.Bh6 Nc7 11.Bxg7 Kxg7 12.Qe3 Qd6 13.Ne2 e5 14.Nd2 Ne6 15.Nc4 Qc7
16.Qg3 f6 17.Ne3 Nd4 18.h4 Kh8 19.Rf1 f5 20.Nxd4 cxd4 21.Nc4 fxe4 22.Nxe5 Qg7
23.dxe4 Ba6 24.Nd3 c5 25.b3 Rac8 26.f3 c4 27.bxc4 Rxc4 28.Rf2 Rfc8 29.Kd1 Rc3
30.Rd2 Bb5 31.a4 Bc4 32.Qd6 Bg8 33.Ne5 d3 34.cxd3 R3c6 35.Qd4 Rf6 36.Ke2 Be6
37.Rf1 Kg8 38.g4 Qe7 39.f4 Rff8 40.g5 Rfd8 41.Qb2 Qc5 42.d4 Bc4+ 43.Ke1 Qa5
44.Rf3 Qxa4 45.Ra3 Qb5 46.Qxb5 Bxb5 47.Rxa7 Rc1+ 48.Kf2 Rf1+ 49.Kg3 Rc8 50.Rf2 Rg1+
51.Kh2 Rcc1 52.f5 Rh1+ 53.Kg3 Rhg1+ 54.Kf4  1-0

[Event "RUS-chT"]
[Site "Podolsk"]
[Date "1992.??.??"]
[Round "?"]
[White "Meshkov, Yuri A"]
[Black "Sveshnikov, Evgeny"]
[Result "0-1"]
[WhiteElo "2285"]
[BlackElo "2560"]

1.e4 c5 2.Nf3 Nc6 3.Bb5 e6 4.Bxc6 bxc6 5.b3 d6 6.O-O e5 7.c3 f5 8.exf5 Bxf5
9.d4 e4 10.Re1 Be7 11.Ng5 Nf6 12.f3 d5 13.g4 Bd7 14.dxc5 O-O 15.b4 exf3 16.Nxf3 Bxg4
17.Qd3 Bxf3 18.Qxf3 Ne4 19.Qe2 Bh4 20.Rf1 Bf2+ 21.Kg2 Qh4 22.Nd2 Qg5+ 23.Kh1 Ng3+
24.hxg3 Qxg3 25.Qh5 Rf4 26.Nf3 Rxf3 27.Bd2 Raf8 28.Be1 R3f5  0-1

[Event "RUS-chT"]
[Site "Podolsk"]
[Date "1992.??.??"]
[Round "?"]
[White "Meshkov, Yuri A"]
[Black "Ulibin, Mikhail"]
[Result "0-1"]
[WhiteElo "2285"]
[BlackElo "2585"]

1.e4 c5 2.Nf3 Nc6 3.Bb5 e6 4.O-O Nge7 5.c3 a6 6.Ba4 b5 7.Bc2 Bb7 8.Re1 d5
9.d4 cxd4 10.Nxd4 Nxd4 11.Qxd4 Nc6 12.Qd3 d4 13.Qg3 g6 14.Bf4 Bg7 15.Bd6 e5
16.Bc5 Rc8 17.b4 Bf8 18.Bxf8 Kxf8 19.Bb3 Kg7 20.Bd5 Qe7 21.a3 Rhd8 22.Ra2 Rd7
23.h4 h5 24.Rd2 Nd8 25.cxd4 exd4 26.Bb3 Nc6 27.f4 a5 28.e5 f5 29.exf6+ Qxf6
30.Be6 Re7 31.f5 Rce8 32.Rf1 axb4 33.axb4 Ne5 34.Na3 Rf8 35.Re1 Ng4 36.Nxb5 gxf5
37.Nxd4 Rfe8 38.Qf4 Be4 39.Bc4 Qxh4 40.Rde2 Re5 41.Rxe4 fxe4 42.Rf1 Qf6 43.Nf5+ Kg6
44.Nh4+ Qxh4  0-1

[Event "RUS-chT"]
[Site "Podolsk"]
[Date "1992.??.??"]
[Round "?"]
[White "Panchenko, Alexander N"]
[Black "Sveshnikov, Evgeny"]
[Result "1/2-1/2"]
[WhiteElo "2460"]
[BlackElo "2560"]

1.e4 c5 2.Nf3 Nc6 3.Bb5 e6 4.O-O Nge7 5.Re1 a6 6.Bxc6 Nxc6 7.Nc3 d6 8.d4 cxd4
9.Nxd4 Bd7 10.Nxc6 Bxc6 11.Nd5 Be7 12.Nxe7 Qxe7 13.b3 O-O 14.Ba3 Rfd8 15.Qd2 Qf6
16.Rad1 Qg6 17.f3  1/2-1/2

[Event "RUS-chT"]
[Site "Podolsk"]
[Date "1992.??.??"]
[Round "?"]
[White "Savon, Vladimir A"]
[Black "Shuraev, Andrei"]
[Result "1/2-1/2"]
[WhiteElo "2440"]
[BlackElo "2370"]

1.e4 c5 2.Nf3 Nc6 3.Bb5 e6 4.O-O Nge7 5.b3 Nd4 6.Nxd4 cxd4 7.Bb2 a6 8.Be2 Nc6
9.c3 Bc5 10.b4 Ba7 11.a4 d6 12.b5 dxc3 13.dxc3 Ne5 14.Ba3 Bc5 15.Bxc5 dxc5
16.f4 Nd7 17.Na3 O-O 18.Nc4 axb5 19.axb5 Rxa1 20.Qxa1 e5 21.f5 Nf6 22.Qb1 Qe7
23.Qd3 Rd8 24.Qe3 Bd7 25.Rb1 Be8 26.h3 h6 27.Kh2 Qc7 28.Bf3  1/2-1/2

[Event "RUS-chT"]
[Site "Podolsk"]
[Date "1992.??.??"]
[Round "?"]
[White "Yandemirov, Valeri"]
[Black "Mukhametov, Eldar"]
[Result "1-0"]
[WhiteElo "2415"]
[BlackElo "2405"]

1.e4 c5 2.Nf3 Nc6 3.Bb5 d6 4.d4 cxd4 5.Qxd4 e5 6.Qd3 h6 7.c4 Nf6 8.Nc3 Be7
9.c5 O-O 10.Bxc6 bxc6 11.cxd6 Bxd6 12.O-O Qe7 13.Rd1 Rd8 14.h3 a5 15.Qc2 Ba6
16.Na4 Rab8 17.Be3 Rb4 18.Nd2 Qe6 19.b3 Be7 20.Bb6 Bd3 21.Qb2 Rxb6 22.Nxb6 Bc5
23.Na4 Bd4 24.Nc3 Bxe4 25.Qc1 Bd5 26.Qc2 Bxg2 27.Kxg2 Nh5 28.Ne2 Bxa1 29.Rxa1 Qd5+
30.Nf3 Rd6 31.Qf5 Rg6+ 32.Kf1 Rf6 33.Qxh5 Rxf3 34.Re1 f5 35.Ng1 Rf4 36.Qe8+ Kh7
37.Qxe5 Qd3+ 38.Kg2 Qd2 39.Re2 Qc1 40.Re1 Qd2  1-0

[Event "RUS-chT"]
[Site "Podolsk"]
[Date "1992.??.??"]
[Round "?"]
[White "Dmitriev, Igor"]
[Black "Kiselev, Sergey"]
[Result "1/2-1/2"]
[WhiteElo "2270"]
[BlackElo "2540"]

1.e4 c5 2.Nf3 Nc6 3.Bb5 g6 4.Bxc6 dxc6 5.h3 Bg7 6.d3 e5 7.Be3 Qe7 8.Qc1 Nf6
9.Nc3 O-O 10.Bh6 Nh5 11.Bxg7 Nxg7 12.Ne2 f6 13.Qe3 Be6 14.O-O g5 15.c3 Rad8
16.Rfd1 Rd7 17.Rd2 Rfd8 18.b3 Bf7 19.Rad1 Bg6 20.Ng3 Ne6 21.d4 cxd4 22.cxd4 Nxd4
23.Nxd4 Rxd4 24.Rxd4 Rxd4 25.Rxd4 exd4 26.Qxd4 c5 27.Qd5+ Kf8 28.Nf5 Bxf5
29.Qxf5 Kg7 30.h4 gxh4 31.Qg4+ Kh8 32.Qxh4 Qe5 33.f4 Qd4+ 34.Kh2 b5 35.e5 fxe5
36.Qf6+ Kg8 37.fxe5 c4 38.Qg5+ Kf7 39.Qf6+ Kg8 40.Qg5+  1/2-1/2

[Event "Polanica Zdroj op"]
[Site "Polanica Zdroj"]
[Date "1992.??.??"]
[Round "4"]
[White "Pilarska, Czeslawa"]
[Black "Skrobek, Ryszard"]
[Result "0-1"]
[WhiteElo "2145"]
[BlackElo "2410"]

1.e4 c5 2.Nf3 Nc6 3.Bb5 g6 4.Bxc6 bxc6 5.d3 Bg7 6.O-O d6 7.Re1 e5 8.Nbd2 Ne7
9.Nc4 O-O 10.a4 h6 11.Bd2 Be6 12.Ba5 Qd7 13.Nfd2 f5 14.f3 f4 15.Qe2 g5 16.Rab1 Rab8
17.b4 cxb4 18.Bxb4 c5 19.Bc3 Rxb1 20.Rxb1 Qxa4 21.Rb7 Qxc2 22.Rxe7 Bxc4 23.dxc4 Qc1+
24.Nf1 Qxc3 25.Rxa7 Rb8 26.Ra2 Rb1 27.g4 fxg3 28.hxg3 g4 29.fxg4 Qxg3+ 30.Qg2 Qe3+
31.Kh2 Qf4+ 32.Kg1 Qc1 33.Qf2 Rb8 34.Qe2 Rb3 35.Kg2 Qf4 36.Rd2 Bf8 37.Rd3 Rxd3
38.Qxd3 Qxg4+ 39.Ng3 Be7 40.Qf3 Qg7 41.Kh3 Bg5 42.Nf5 Qf7 43.Qg4 Kh7 44.Nxd6 Qf1+  0-1

[Event "Polanica Zdroj op"]
[Site "Polanica Zdroj"]
[Date "1992.??.??"]
[Round "7"]
[White "Skrobek, Ryszard"]
[Black "Rymaszewski, Dariusz"]
[Result "1/2-1/2"]
[WhiteElo "2410"]
[BlackElo "2230"]

1.e4 c5 2.Nf3 Nc6 3.Bb5 g6 4.c3 Bg7 5.O-O e5 6.d4 exd4 7.cxd4 Nxd4 8.Nxd4 cxd4
9.Bf4 Ne7 10.Na3 a6 11.Rc1 Nc6 12.Bc4 d6 13.Bd5 O-O 14.Bxc6 bxc6 15.Rxc6 Be5
16.Qd2 Bb7 17.Rcc1 Bxe4 18.Rfe1 Bd5 19.Bxe5 dxe5 20.Rxe5 Bxa2 21.Re4 d3 22.Rc3 Rc8
23.Rxd3 Qxd3 24.Qxd3 Rc1+ 25.Qf1 Rxf1+ 26.Kxf1 Rb8 27.b4 Rc8 28.Ke2 Bd5 29.Rg4 f5
30.Rg3 Rb8 31.Nc2 Be4 32.Rc3 Bxc2 33.Rxc2 Rxb4 34.Rc7 a5 35.Ra7 a4 36.g3 f4
37.Kf3 fxg3 38.hxg3 h5 39.Kg2 h4 40.gxh4 Rxh4 41.Kg3 Rb4 42.f4  1/2-1/2

[Event "Police op"]
[Site "Police"]
[Date "1992.??.??"]
[Round "9"]
[White "Ardeleanu, Alin"]
[Black "Weglarz, Leszek"]
[Result "1/2-1/2"]
[WhiteElo "2350"]
[BlackElo "2330"]

1.e4 c5 2.Nf3 Nc6 3.Bb5 g6 4.O-O Bg7 5.c3 e5 6.d4 cxd4 7.cxd4 exd4 8.Bf4 a6
9.Ba4 Nge7 10.Bd6 O-O 11.Nbd2 b5 12.Bb3 Na5 13.Bd5 Bb7 14.Rc1 Rc8 15.Rxc8 Bxc8
16.a4 Nb7 17.Bxb7 Bxb7 18.axb5 axb5 19.Qb3 Bc6 20.Re1 h6 21.Ne5 Bxe5 22.Bxe5 d5
23.Bf6 dxe4 24.Nxe4 Bxe4 25.Rxe4 Qd5 26.Qxd5 Nxd5 27.Bxd4 g5 28.Bc5 Ra8 29.h4 Ra1+
30.Kh2 Rc1 31.Be3 Nxe3 32.Rxe3 Rc4 33.hxg5 hxg5 34.Re5 Rb4 35.Rxg5+ Kf8 36.Rc5 Rxb2
37.Kg3 Ke7 38.Rc7+ Ke6 39.Rb7 b4 40.f3 b3 41.Kf4 Rxg2  1/2-1/2

[Event "Ponferrada op"]
[Site "Ponferrada"]
[Date "1992.??.??"]
[Round "?"]
[White "De la Riva Aguado, Oscar"]
[Black "Frois, Antonio"]
[Result "1/2-1/2"]
[WhiteElo "2380"]
[BlackElo "2380"]

1.e4 c5 2.Nf3 Nc6 3.Bb5 g6 4.O-O Bg7 5.Re1 Nf6 6.c3 O-O 7.h3 Qb6 8.Na3 a6
9.Ba4 Qc7 10.d4 cxd4 11.cxd4 d5 12.e5 Ne4 13.Bb3 Be6 14.Ng5 Nxg5 15.Bxg5 Qb6
16.Nc2 h6 17.Bd2  1/2-1/2

[Event "Pontevedra2"]
[Site "Pontevedra"]
[Date "1992.??.??"]
[Round "7"]
[White "Larrosa, Jose"]
[Black "Rivera, Daniel"]
[Result "1/2-1/2"]
[WhiteElo "2255"]
[BlackElo "2290"]

1.e4 c5 2.Nf3 Nc6 3.Bb5 g6 4.O-O Bg7 5.Re1 Nf6 6.e5 Nd5 7.Nc3 Nc7 8.Bxc6 dxc6
9.Ne4 Ne6 10.d3 O-O 11.Be3 b6 12.Qd2 Re8 13.Bh6 Nd4 14.Nxd4 Qxd4 15.Nf6+ Bxf6
16.c3 Qxe5 17.Rxe5 Bxe5 18.Re1 Bf6 19.Bg5 Be6 20.h4 h5 21.Qf4 Bxg5 22.Qxg5 Kh7
23.Qf4 Rad8 24.Qc7 Rd7 25.Qxc6 Red8 26.Qa4 Bf5 27.d4 cxd4 28.cxd4 e6 29.Rd1 Be4
30.f3 Ba8 31.Rc1 Kg7 32.Rc4 Bd5 33.Rc3 Ba8 34.Rc4 Bd5 35.Rc8 Rxc8 36.Qxd7 Rc1+
37.Kh2 Rc2 38.Kg3 Rxb2 39.Qxa7 b5 40.a3 Ra2 41.Qc5 Bc4 42.Kf4 Rxg2 43.a4 Bd5
44.axb5 Rb2 45.b6 Rb3 46.Qc7 Rxf3+ 47.Ke5 Rb3 48.Qd8 Rb4 49.Qc7 Rb3 50.Qd8 Rb4
51.Kd6 Rxd4 52.Ke7 Rf4 53.Qc7 Rf5 54.b7 Bxb7 55.Qxb7 e5 56.Qb4 Rf6 57.Qe4 Re6+
58.Kd7 Kf6 59.Qf3+ Kg7 60.Qe4 Kf8  1/2-1/2

[Event "POR-ch sf"]
[Site "POR"]
[Date "1992.??.??"]
[Round "6"]
[White "Ribeiro, Fernando"]
[Black "Rocha, Sergio"]
[Result "1-0"]
[WhiteElo "2205"]
[BlackElo "2300"]

1.e4 c5 2.Nf3 Nc6 3.Bb5 e6 4.Bxc6 bxc6 5.O-O d5 6.d3 Nf6 7.e5 Nd7 8.Re1 Be7
9.Bf4 g5 10.Bc1 Nf8 11.c4 Ng6 12.Nc3 h5 13.Qa4 Bd7 14.Qa3 g4 15.Nd2 Qc7 16.Na4 Nxe5
17.Nxc5 Ng6 18.b4 h4 19.Nf1 g3 20.fxg3 hxg3 21.Nxg3 Bd6 22.d4 Rh4 23.Na6 Qb7
24.c5 Bxg3 25.hxg3 Rxd4 26.Bg5 Bc8 27.b5 cxb5 28.Qa5 Bd7 29.Nc7+ Kf8 30.Nxa8 Qxa8
31.Qc7 Qc8 32.Qxa7 Ra4 33.Qb6 Ra6 34.Qd8+ Qxd8 35.Bxd8 e5 36.Bc7 e4 37.Bd6+ Ke8
38.Kf2 Be6 39.Reb1 d4 40.Rxb5 e3+ 41.Ke1 d3 42.Rb8+ Kd7 43.Rb4 Rxa2 44.Rxa2 Bxa2
45.Rd4 d2+ 46.Ke2 Bb3 47.Bf4+ Kc6 48.Bxe3 d1=Q+ 49.Rxd1 Bxd1+ 50.Kxd1 Kd5
51.Kd2 Ne5 52.Kc3 Nc6 53.Bf2 Ne5 54.Be3 Nc6 55.Bg1 f6 56.Bf2 Ne5 57.Bd4 Nc6
58.Bg1 Ne5 59.Kb4 f5 60.Kb5 Nc6 61.Be3 Na7+ 62.Kb6 Nc6 63.Bf4 Nd4 64.Bh6 Nc6
65.Bg7 Nb4 66.Bf8 Nc6 67.Bd6 Nd4 68.Kc7 Ke6 69.Bf4 Kd5 70.Kd7 Nc6 71.Bd6 Nd4
72.Ke7 Ke4 73.Kf6 Nc6 74.Kg5 Nd4 75.g4 fxg4 76.Kxg4 Kd5 77.Kh5 Ke6 78.Kg6 Nc6
79.g4  1-0

[Event "Prague Chip"]
[Site "Prague"]
[Date "1992.??.??"]
[Round "2"]
[White "Watson, William N"]
[Black "Pekarek, Ales"]
[Result "1-0"]
[WhiteElo "2535"]
[BlackElo "2455"]

1.e4 c5 2.Nf3 Nc6 3.Bb5 g6 4.O-O Bg7 5.c3 e5 6.d4 exd4 7.cxd4 cxd4 8.Bf4 a6
9.Bc4 d6 10.Re1 Nge7 11.Ng5 O-O 12.Qb3 d5 13.exd5 Na5 14.d6 Nd5 15.Bxd5 Nxb3
16.axb3 Bf6 17.h4 h6 18.Ne4 Bg7 19.g3 Be6 20.Bxb7 Rb8 21.Bxa6 Bxb3 22.Nbd2 Bd5
23.Rac1 Qa5 24.Bf1 Rxb2 25.Bg2 Bxe4 26.Nxe4 d3 27.Red1 Rc2 28.Rb1 f5 29.Nd2 Rd8
30.Rb7 Qc5 31.Rc7 Qd4 32.Re1 g5 33.hxg5 hxg5 34.Bxg5 Rxd6 35.Rb7 Rd7 36.Re8+ Kh7
37.Be3 Qd6 38.Rb5 Qg6 39.Ra8 Rc1+ 40.Kh2 Rd1 41.Nf3 Bf6 42.Bh3 Qh5 43.Kg2 d2
44.Bxd2 R7xd2 45.Nxd2 Qe2 46.Bxf5+ Kh6 47.Ra7 Qxb5 48.Rh7+ Kg5 49.Nf3+ Kxf5
50.Rh5+ Kg6 51.Rxb5 Rc1 52.Rb6 Kg7 53.Rb7+ Kg8 54.g4 Rc2 55.Kg3 Bb2 56.Nh4 Bd4
57.f3 Bf2+ 58.Kh3 Rc3 59.Nf5 Rxf3+ 60.Kg2 Rf4 61.Ne7+ Kg7 62.Nd5+  1-0

[Event "CSR-ch"]
[Site "Prague"]
[Date "1992.??.??"]
[Round "5"]
[White "Vavra, Pavel"]
[Black "Mrva, Martin"]
[Result "1/2-1/2"]
[WhiteElo "2210"]
[BlackElo "2345"]

1.e4 c5 2.Nf3 Nc6 3.Bb5 Nf6 4.Bxc6 dxc6 5.d3 c4 6.e5 Ng4 7.d4 h5 8.Qe2 Be6
9.h3 Nh6 10.Bxh6 Rxh6 11.O-O g5 12.Nxg5 Qxd4 13.Nc3 Bg7 14.Rfe1 Qf4 15.Nxe6 Rxe6
16.Qxh5 Rxe5 17.Rxe5 Qxe5 18.Qf3 Rd8 19.Rd1 Rxd1+ 20.Nxd1 Qe1+ 21.Kh2 e6
22.g3 Ke7 23.h4 Qd2 24.c3 Bh6 25.g4 f6 26.Kg2 Bg7 27.a3 Bh6 28.Kf1 a5 29.Qe2 Qxe2+
30.Kxe2 Bc1 31.Kf3 b5 32.Ke4 c5 33.f4 Kf7 34.g5 fxg5 35.fxg5 Kg6 36.Ke5 b4
37.a4 Bxb2 38.Kxe6 Bxc3 39.Kd5 Bd4 40.Kxc4 Kf5 41.Kb5 Ke4 42.h5 Kd3 43.g6 Bg7
44.Kxc5 b3 45.Kb5 Kd2  1/2-1/2

[Event "Protvino"]
[Site "Protvino"]
[Date "1992.??.??"]
[Round "?"]
[White "Nesterov, Jakov"]
[Black "Iuldachev, Saidali"]
[Result "1/2-1/2"]
[WhiteElo "2420"]
[BlackElo "2370"]

1.e4 c5 2.Nf3 Nc6 3.Bb5 g6 4.Bxc6 dxc6 5.h3 Bg7 6.d3 e5 7.Be3 Qe7 8.Qd2 Nf6
9.Bh6 O-O 10.Nc3 Ne8 11.Nh2 f6 12.Bxg7 Nxg7 13.f4 f5 14.O-O exf4 15.Rxf4  1/2-1/2

[Event "Rishon Le Ziyyon"]
[Site "Rishon Le Ziyyon"]
[Date "1992.??.??"]
[Round "3"]
[White "Djuric, Stefan"]
[Black "Khasin, Alexander"]
[Result "1/2-1/2"]
[WhiteElo "2535"]
[BlackElo "2460"]

1.e4 c5 2.Nf3 Nc6 3.Bb5 g6 4.O-O Bg7 5.c3 a6 6.Bxc6 dxc6 7.d4 cxd4 8.cxd4 Bg4
9.Nc3 Nf6 10.Be3 O-O 11.h3 Bxf3 12.Qxf3 a5 13.b3 Nd7 14.Rac1 f5 15.exf5 Rxf5
16.Qe2 Nb6 17.Ne4 Nd5 18.Nc5 Qc7 19.Ne6 Qd6 20.Bd2 a4  1/2-1/2

[Event "ROM-ch"]
[Site "?"]
[Date "1992.??.??"]
[Round "8"]
[White "Negulescu, Adrian"]
[Black "Bogdan, Dan"]
[Result "1-0"]
[WhiteElo "2445"]
[BlackElo "2280"]

1.e4 c5 2.Nf3 Nc6 3.Bb5 g6 4.O-O Bg7 5.c3 e5 6.d4 cxd4 7.cxd4 exd4 8.Na3 Nge7
9.Bf4 O-O 10.Bd6 a6 11.Bd3 b5 12.Nc2 Bb7 13.a4 bxa4 14.Rxa4 Re8 15.Na3 Nc8
16.Nc4 N6a7 17.e5 Nb5 18.Bb4 Bd5 19.Ba5 Qe7 20.Re1 h6 21.h3 Qe6 22.Nh2 Qc6
23.Bd2 Rb8 24.Na5 Qa8 25.Qg4 Nb6 26.Raa1 h5 27.Qg3 Rbc8 28.Bg5 Qb8 29.f4 d6
30.e6 Qa7 31.f5 f6 32.Bf4 g5 33.Bxg5 fxg5 34.Qxg5 Qe7 35.Qxh5 Bf6 36.Ng4 Qg7
37.b3 Re7 38.Nc4 Nxc4 39.bxc4 Bxc4 40.Bxc4 Rxc4 41.Rxa6 Rc8 42.Rea1 d3 43.Ra8 Rc7
44.Rxc8+ Rxc8 45.Rd1 Nc3 46.Nxf6+ Qxf6 47.Rxd3 d5 48.Rg3+ Kf8 49.e7+  1-0

[Event "ROM-chT"]
[Site "?"]
[Date "1992.??.??"]
[Round "?"]
[White "Manole, Vasile"]
[Black "Dumitrache, Dragos"]
[Result "0-1"]
[WhiteElo "2300"]
[BlackElo "2375"]

1.e4 c5 2.Nf3 Nc6 3.Bb5 e6 4.O-O Nge7 5.Re1 a6 6.Bf1 d5 7.exd5 Nxd5 8.d4 Be7
9.Nbd2 cxd4 10.Nb3 O-O 11.Nbxd4 Nxd4 12.Nxd4 Bf6 13.c3 b6 14.g3 Bb7 15.Bg2 Rc8
16.Qg4 Rc4 17.Qe2 Qc7 18.Nf3 Rd8 19.Bg5 Nxc3 20.bxc3 Bxf3 21.Bxf3 Bxg5 22.Red1 Rxd1+
23.Rxd1 b5 24.Bd5 Rxc3 25.Bb3 g6 26.Qe4 a5 27.Qa8+ Kg7 28.Qe8 Qc6 29.Qxc6 Rxc6
30.Rb1 a4 31.Bd1 Rc1  0-1

[Event "ROM-chT"]
[Site "?"]
[Date "1992.??.??"]
[Round "?"]
[White "Biriescu, Ioan"]
[Black "Grigore, George"]
[Result "1/2-1/2"]
[WhiteElo "2355"]
[BlackElo "2430"]

1.e4 c5 2.Nf3 Nc6 3.Bb5 g6 4.O-O Bg7 5.c3 Nf6 6.Qa4 Qc7 7.Re1 a6 8.d4 cxd4
9.cxd4 d5 10.e5 Ne4 11.Nc3 Nxc3 12.bxc3 Bd7 13.Bxc6 Qxc6 14.Qa3 h6 15.h3 Rc8
16.Bd2 g5 17.Nh2 Qa4 18.Qxa4 Bxa4 19.Rab1 Bb5 20.Nf1 Kd7 21.Ng3 h5 22.a4 Bxa4
23.Rxb7+ Rc7 24.e6+ fxe6 25.Rxc7+ Kxc7 26.Rxe6 Bf6 27.Rxa6 Bb5 28.Ra1 Bd3
29.Nf1 Rb8 30.h4 Rg8 31.hxg5 Bxg5 32.Bxg5 Rxg5 33.Ne3 e6 34.Ra8 Kd6 35.Rh8 Rg7
36.Rxh5 Rc7 37.g4 Rxc3 38.Kg2 Be4+ 39.Kg3 Rd3 40.Rh6 Rxd4 41.Nf5+ Bxf5 42.gxf5 Re4  1/2-1/2

[Event "ROM-chT"]
[Site "?"]
[Date "1992.??.??"]
[Round "?"]
[White "Ardeleanu, Alin"]
[Black "Moldovan, Daniel"]
[Result "0-1"]
[WhiteElo "2350"]
[BlackElo "2450"]

1.e4 c5 2.Nf3 Nc6 3.Bb5 g6 4.Bxc6 dxc6 5.h3 Bg7 6.d3 Nf6 7.Be3 b6 8.Nc3 O-O
9.Qd2 e5 10.O-O-O Qd6 11.g4 a5 12.Nh4 a4 13.Ne2 c4 14.g5 a3 15.b3 cxb3 16.cxb3 Nh5
17.d4 Ba6 18.Nf3 exd4 19.Bxd4 Bxe2 20.Qxe2 Bxd4 21.Rxd4 Qf4+ 22.Kb1 c5 23.Rd5 Rfe8
24.Re1 Rad8 25.Rxd8 Rxd8 26.Qe3 Qxe3 27.fxe3 Ng3 28.e5 Ne4 29.Kc2 b5 30.h4 Kf8
31.b4 cxb4 32.Rb1 Rc8+ 33.Kd3 Nc3 34.Rxb4 Nxa2 35.Rxb5 Nc1+ 36.Ke4 Ra8 37.Rb1 Nb3  0-1

[Event "Roquebrune"]
[Site "Roquebrune"]
[Date "1992.??.??"]
[Round "?"]
[White "Christiansen, Larry Mark"]
[Black "Anand, Viswanathan"]
[Result "1/2-1/2"]
[WhiteElo "2595"]
[BlackElo "2670"]

1.e4 c5 2.Nf3 Nc6 3.Bb5 g6 4.O-O Bg7 5.Re1 e5 6.Bxc6 bxc6 7.c3 Ne7 8.d4 cxd4
9.cxd4 exd4 10.Nxd4 O-O 11.Nc3 h6 12.Bf4 d6 13.Nb3 d5 14.Qd2 g5 15.Be3 dxe4
16.Bc5 Qxd2 17.Nxd2 Rd8 18.Ndxe4 Nd5 19.Rad1 Be6 20.Bd4 Nxc3 21.Bxc3 Bxa2
22.h4 gxh4 23.Rxd8+ Rxd8 24.Ra1 Bxc3 25.bxc3 Be6 26.Rxa7 Rd1+ 27.Kh2 Re1
28.Nf6+ Kg7 29.Nh5+ Kf8 30.Rc7 Re2 31.Nf4 Re4 32.Nxe6+ Rxe6 33.Kh3 Kg7 34.Kxh4 Re4+
35.g4 Rc4 36.f3 Rxc3 37.f4 c5 38.f5 c4 39.g5 hxg5+ 40.Kxg5 Rc1 41.f6+ Kg8
42.Kh6 Rh1+ 43.Kg5 Rg1+ 44.Kh6  1/2-1/2

[Event "Salo op"]
[Site "Salo"]
[Date "1992.??.??"]
[Round "4"]
[White "Sepp, Olav"]
[Black "Holmsten, Aleksei"]
[Result "1/2-1/2"]
[WhiteElo "2335"]
[BlackElo "2205"]

1.e4 c5 2.Nf3 Nc6 3.Bb5 g6 4.O-O Bg7 5.c3 Nf6 6.Re1 O-O 7.d4 cxd4 8.e5 Nd5
9.cxd4 d6 10.Nc3 Nxc3 11.bxc3 Bg4 12.exd6 exd6 13.a4 Rc8 14.h3 Bxf3 15.Qxf3 Na5
16.Bf4 a6 17.Bf1 d5 18.g3 Qd7 19.Bg2 Qc6 20.Qxd5 Qxd5 21.Bxd5 Rxc3 22.Bd6 Rd8
23.Bb4 Rcc8 24.Bxf7+ Kxf7 25.Re7+ Kg8 26.Bxa5 Rxd4 27.Ra2 b5 28.axb5 axb5
29.Rb7 Ra4 30.Rxa4 bxa4 31.Ra7 Bd4 32.Ra6 Rc2 33.Bb6 Bxb6 34.Rxb6 a3 35.Ra6 a2
36.Kg2 Kf7 37.g4 g5 38.Kg3 Ke7 39.f4 gxf4+ 40.Kxf4 Kd7 41.Kg5 Kc7 42.Kh5 Kb7
43.Ra3 Kb6 44.Kh6 Kb5 45.g5 Kb4 46.Ra8 Kb3 47.Kxh7 Rh2 48.g6 Rxh3+ 49.Kg8 Kb2  1/2-1/2

[Event "San Copiapo"]
[Site "San Copiapo"]
[Date "1992.??.??"]
[Round "7"]
[White "Labra, Martin"]
[Black "Silva, Sebastain"]
[Result "1/2-1/2"]
[WhiteElo "2360"]
[BlackElo "2355"]

1.e4 c5 2.Nf3 Nc6 3.Bb5 d6 4.O-O Bd7 5.c3 a6 6.Ba4 b5 7.Bc2 Bg4 8.d3 g6 9.h3 Bxf3
10.Qxf3 Bg7 11.Bf4 e5 12.Be3 Nge7 13.a4 O-O 14.Nd2 Qc7 15.Qe2 Rab8 16.axb5 axb5
17.f4 exf4 18.Bxf4 Ne5 19.Ra6 N7c6 20.Rfa1 b4 21.Nf1 Qb7 22.Ne3 Ra8 23.R6a4 Rxa4
24.Rxa4 Qb5 25.Ra1 Rb8 26.Nd5 Qb7 27.Kh2 Ne7 28.d4 Nxd5 29.exd5 bxc3 30.bxc3 cxd4
31.cxd4 Nd7 32.Rb1 Qc7 33.Rxb8+ Qxb8 34.Qe7 Nf6 35.Qxd6 Qxd6 36.Bxd6 Nxd5
37.Bc5 Nf4 38.Bb3 Ne6 39.Bxe6 fxe6 40.Kg3 Kf7 41.Kf4 Kf6 42.g4 Bh6+ 43.Ke4 Bd2
44.Bb6 Be1 45.Bd8+ Kf7 46.Bg5 Ba5 47.h4 h5 48.gxh5 gxh5 49.Ke5 Bc7+ 50.Ke4 Bd6
51.d5 exd5+ 52.Kxd5 Bg3 53.Ke4 Kg6  1/2-1/2

[Event "San Copiapo"]
[Site "San Copiapo"]
[Date "1992.??.??"]
[Round "9"]
[White "Valiente, Cristobal"]
[Black "Labra, Martin"]
[Result "1-0"]
[WhiteElo "2345"]
[BlackElo "2360"]

1.e4 c5 2.Nf3 Nc6 3.Bb5 g6 4.O-O Bg7 5.Re1 Nf6 6.c3 O-O 7.d3 Qb6 8.Ba4 d6
9.h3 Bd7 10.Nbd2 Rad8 11.Nf1 e6 12.Bc2 d5 13.e5 Ne8 14.N1h2 f6 15.exf6 Nxf6
16.Ba4 Rde8 17.Rb1 Qc7 18.Bg5 a6 19.Qd2 b5 20.Bb3 c4 21.dxc4 Ne4 22.Qc1 Nxg5
23.Qxg5 bxc4 24.Bc2 Qf4 25.Qxf4 Rxf4 26.Ng4 Nd8 27.Nge5 Bc8 28.b3 Nf7 29.bxc4 Nxe5
30.Nxe5 Bxe5 31.Rxe5 Rxc4 32.Bb3 Rc5 33.c4 Rd8 34.Rd1 Kf7 35.cxd5 Kf6 36.f4 h6
37.Kh2 g5 38.dxe6 Rxd1 39.Rxc5 Rd8 40.fxg5+ hxg5 41.Rc7 Bxe6 42.Rc6 Re8 43.Rxa6  1-0

[Event "Sao Paulo op"]
[Site "Sao Paulo"]
[Date "1992.??.??"]
[Round "?"]
[White "Zarnicki, Pablo"]
[Black "Vescovi, Giovanni"]
[Result "1/2-1/2"]
[WhiteElo "2385"]
[BlackElo "2295"]

1.e4 c5 2.Nf3 Nc6 3.Bb5 e6 4.O-O Nge7 5.c3 a6 6.Ba4 b5 7.Bc2 d5 8.e5 d4 9.Be4 Bb7
10.cxd4 cxd4 11.a4 b4 12.d3 Ng6 13.Nbd2 Be7 14.Nc4 Na5 15.Nxa5 Bxe4 16.dxe4 Qxa5
17.Qxd4 Rd8 18.Qc4 O-O 19.Re1 Rc8 20.Qe2 Rfd8 21.g3 Rc6 22.Bf4 Rdc8 23.Nd4 Rc4
24.Nb3 Qb6 25.Rac1 Rxc1 26.Rxc1 Rxc1+ 27.Bxc1 Nxe5 28.Qc2 Qb7 29.Nd4  1/2-1/2

[Event "Sao Paulo op"]
[Site "Sao Paulo"]
[Date "1992.??.??"]
[Round "?"]
[White "Pelikian, Jefferson"]
[Black "Slipak, Sergio"]
[Result "1/2-1/2"]
[WhiteElo "2295"]
[BlackElo "2430"]

1.e4 c5 2.Nf3 Nc6 3.Bb5 e6 4.O-O Nge7 5.Re1 a6 6.Bf1 d5 7.exd5 Qxd5 8.a4 Nf5
9.Na3 Be7 10.Nc4 Qd8 11.a5 O-O 12.d3 f6 13.c3 e5 14.Nb6 Rb8 15.Nxc8 Qxc8
16.Nd2 Kh8 17.Nc4 Nd6 18.Nb6 Qd8 19.Qa4 Nc8 20.Nc4 Nd6 21.Nb6 Nc8 22.Nxc8 Rxc8
23.Be3 Bd6 24.Be2 f5 25.f3 Qc7 26.Rf1 Rce8 27.h3 Qd8 28.Kh1 Re6 29.Rg1 Rfe8
30.Bf1 Rg6 31.Bf2 Qg5 32.Rd1 Bc7 33.g3 Qh5 34.g4 fxg4 35.fxg4 Qh6 36.Qe4 Rf8
37.Bg3 Bxa5 38.Bg2 Qg5 39.Rgf1 Rgf6 40.h4 Rxf1+ 41.Rxf1 Rxf1+ 42.Bxf1 Qf6
43.Bg2 Bc7 44.Qd5 Qd8 45.Qxc5 h6 46.Be4 Qf6 47.Kg2 Kg8 48.Qc4+ Kf8 49.Qb3 Nd8
50.Qb4+ Bd6 51.Qb6 Qe7 52.Qf2+ Qf7 53.d4 Qxf2+ 54.Kxf2 Ke7 55.dxe5 Bc7 56.Bd5 Nc6
57.Kf3 Bxe5 58.Bxc6 Bxg3 59.Bxb7 Bxh4 60.Bxa6 g6 61.Ke4 Kd6 62.Kd4 Bf6+ 63.Kc4 Kc6
64.Bb5+ Kb6 65.Be8 h5 66.gxh5 gxh5 67.Bxh5 Be7  1/2-1/2

[Event "Sao Paulo op"]
[Site "Sao Paulo"]
[Date "1992.??.??"]
[Round "?"]
[White "Hernandez, Gilberto"]
[Black "Santos, Renato Andrade"]
[Result "1/2-1/2"]
[WhiteElo "2495"]
[BlackElo "2295"]

1.e4 c5 2.Nf3 Nc6 3.Bb5 d6 4.O-O Nf6 5.Re1 Bd7 6.c3 a6 7.Bf1 e5 8.h3 h6 9.d4 g5
10.dxe5 dxe5 11.Na3 Qc7 12.Nc4 O-O-O 13.Qc2 g4 14.hxg4 Bxg4 15.Nh4 Rg8 16.a4 Be6
17.Ne3 Na5 18.c4 Nc6 19.Nd5 Nd4 20.Qd3 Nxd5 21.cxd5 Bg4 22.Be3 Bd6 23.Rac1 Qe7
24.Bxd4 exd4 25.e5 Bxe5 26.f4 Rxd5 27.Nf3 f6 28.fxe5 Bxf3 29.Qxf3 Rxe5 30.Rxe5 Qxe5
31.b4 Rg3 32.Rxc5+ Qxc5 33.Qxg3 Qxb4 34.Qg8+ Kc7 35.Qf7+ Kc6 36.Qxf6+ Qd6
37.Qf3+ Kb6 38.Qb3+ Ka5 39.Kf2 Qf4+ 40.Ke2 Qe3+ 41.Qxe3 dxe3 42.Kxe3 Kxa4
43.Kd2 Kb3 44.Be2 a5 45.Kc1 Kc3 46.Kb1 Kd2 47.Bf3 b6 48.Kb2 Ke3 49.Kb3 b5
50.Bc6  1/2-1/2

[Event "Sao Paulo op"]
[Site "Sao Paulo"]
[Date "1992.??.??"]
[Round "?"]
[White "Zarnicki, Pablo"]
[Black "Disconzi da Silva, Rodrigo"]
[Result "1-0"]
[WhiteElo "2385"]
[BlackElo "2280"]

1.e4 c5 2.Nf3 Nc6 3.Bb5 Qb6 4.Nc3 g6 5.O-O Bg7 6.Nd5 Qd8 7.c3 e6 8.Re1 Nge7
9.Nxe7 Nxe7 10.d4 a6 11.Ba4 b5 12.Bc2 cxd4 13.cxd4 d6 14.a4 Bb7 15.Bg5 O-O
16.Qd2 Qd7 17.h4 Rfc8 18.a5 Rc7 19.Bb3 Rac8 20.h5 gxh5 21.Bh6 Ng6 22.Qg5 h4
23.Bxg7 Kxg7 24.d5 exd5 25.Nxh4 Qd8 26.Nf5+ Kh8 27.Qg3 Rd7 28.Rad1 Qf6 29.Bxd5 Bxd5
30.Rxd5 Ne5 31.Red1 Rg8 32.Qc3 b4 33.Qxb4 Nf3+ 34.Kf1 Nh2+ 35.Ke2 Qg5 36.Qd4+ f6
37.Ne3 Qg7 38.f3 Rb8 39.Rh5 Rdb7 40.Rxh2 Rxb2+ 41.Rd2 Rb1 42.Qxd6 Qf7 43.e5  1-0

[Event "Sas van Gent"]
[Site "Sas van Gent"]
[Date "1992.??.??"]
[Round "?"]
[White "Klip, Hans"]
[Black "Kuijf, Marinus"]
[Result "1/2-1/2"]
[WhiteElo "2345"]
[BlackElo "2420"]

1.e4 c5 2.Nf3 Nc6 3.Bb5 g6 4.O-O Bg7 5.c3 Nf6 6.Re1 O-O 7.h3 a6 8.Bxc6 dxc6
9.d4 cxd4 10.cxd4 c5 11.e5 Nd5 12.dxc5 Nb4 13.Qb3 a5 14.Na3 Be6 15.Qe3 Qd3
16.Bd2 Qxe3 17.Rxe3 Nxa2 18.Nc2 Rac8 19.Ncd4 Bd5 20.b3 Nb4 21.Rxa5 Na6 22.Rc3 Nb4
23.Re3  1/2-1/2

[Event "Sas van Gent"]
[Site "Sas van Gent"]
[Date "1992.??.??"]
[Round "?"]
[White "Motwani, Paul"]
[Black "Kuijf, Marinus"]
[Result "1/2-1/2"]
[WhiteElo "2500"]
[BlackElo "2420"]

1.e4 c5 2.Nf3 Nc6 3.Bb5 g6 4.O-O Bg7 5.Re1 Nf6 6.c3 O-O 7.h3 d5 8.e5 Nd7
9.d4 e6 10.Be3 a6 11.Bxc6 bxc6 12.Qd2 Rb8 13.b3  1/2-1/2